Statistics for Composers and their Works #2

Click here to take the quiz!

General Stats

  • This quiz has been taken 23 times
  • The average score is 8 of 15

Answer Stats

WorkComposer% Correct
The Four SeasonsAntonio Vivaldi
100%
Don GiovanniW.A. Mozart
95%
Op.95 'From the New World'Antonin Dvórak
84%
Tristan und IsoldeRichard Wagner
74%
The Carnival of the AnimalsCamille Saint Saens
68%
RigolettoGiuseppe Verdi
68%
Nessun Dorma (Turandot)Giacomo Puccini
53%
Dido's Lament 'When I am Laid in Earth'Henry Purcell
47%
Peter GrimesBenjamin Britten
42%
Boris GodunovModest Mussorgsky
42%
L'OrfeoClaudio Monteverdi
37%
Dance of the KnightsSergei Prokofiev
37%
Syrinx for FluteClaude Debussy
21%
Je te VeuxErik Satie
21%
O Magnum MysteriumMorten Lauridsen
11%

Score Distribution

Percentile by Number Answered

Percent of People with Each Score

Your Score History

You have not taken this quiz